| 000 | 00000nam##2200000za#4500 |
| 001 | 9.676830 |
| 003 | CaOODSP |
| 005 | 20210624230053 |
| 007 | cr ||||||||||| |
| 008 | 150407|2004||||xxc|||||o f|0| 0 fre|d |
| 040 | |aCaOODSP|bfre |
| 041 | |aeng |
| 041 | |afre |
| 043 | |an-cn--- |
| 086 | 1 |aM115-2/2004-PDF |
| 110 | 1 |aCanada. |bRessources naturelles Canada. |
| 245 | 10|aCanada [document cartographique] |h[ressource électronique] |
| 255 | |aÉchelle : 1:6000000 |
| 260 | |aOttawa - Ontario : |bRessources naturelles Canada |cc2006. |
| 300 | |a1p. |
| 500 | |aLes données datent principalement de 2000-2004, et celles pour les lieux habités proviennent du Recensement de 2001.»--Site web de l'Atlas du Canada (visualisé le 29 janvier 2015). |
| 590 | |a15-05|b2015-01-30 |
| 691 | 07|aCarte géographique|2gcpds |
| 776 | 0#|tCanada [cartographic material] |w(CaOODSP)9.670101 |
| 791 | |tCanada [cartographic material] |eeng|w(CaOODSP)9.676829 |
| 856 | 40|ahttp://publications.gc.ca|qPDF|s18.30 MB|uhttps://publications.gc.ca/collections/collection_2015/rncan-nrcan/M115-2-2004.pdf |